Interpreten nach Lieder #4 - D - Statistiken

Allgemein
  • Dieses Quiz wurde 82 mal gespielt
  • Das Durchschnittsergebnis liegt bei 10 aus 30
Antwortstatistiken
Lieder Interpret % Korrekt
Personal Jesus, Policy of Truth, Enjoy the Silence Depeche Mode
70%
Money For Nothing, Sultans Of Swing, Walk Of Life Dire Straits
66%
Get Lucky, One More Time, Around the World Daft Punk
63%
Titanium, I'm Good (Blue), Memories David Guetta
60%
Perfect Strangers, Hush, Smoke On The Water Deep Purple
58%
Space Oddity, Heroes, Let's Dance David Bowie
55%
Jolene, 9 to 5, Islands in the Stream Dolly Parton
48%
Jenseits von Eden; Das 11. Gebot; Marmor, Stein und Eisen bricht Drafi Deutscher
47%
One Dance, Passionfruit, Push Ups Drake
47%
Sing Hallelujah!, No Coke, It's My Life Dr. Alban
42%
Physical, Illusion, Don't Start Now Dua Lipa
42%
Feel the Beat, Sandstorm, Touch Me Feel Me Darude
41%
Light My Fire, Riders on the Storm, People Are Strange The Doors
41%
Hungry Like the Wolf, The Wild Boys, Come Undone Duran Duran
40%
Deine Schuld, Richtig schön evil, Hurra Die Ärzte
33%
John, Voyage Voyage, Elle est comme les étoiles Desireless
29%
Hysteria, Animal, Pour Some Sugar On Me Def Leppard
26%
1000 Jahre Bier, Denken Sie Groß, Wer Sagt Denn Das? Deichkind
26%
Cool for the Summer, Confident, Give Your Heart a Break Demi Lovato
23%
Holy Diver, Rainbow In The Dark, Stand Up And Shout Dio
21%
Down with the Sickness, No More, Already Gone Disturbed
21%
Agora Hills, Candy, Boss Bitch Doja Cat
15%
Get Off, We Used To Be Friends, Bohemian Like You The Dandy Warhols
15%
Rose Tattoo, I'm Shipping Up To Boston, The Boys Are Back Dropkick Murphys
12%
Enter The Ninja, In Your Face, Fatty Boom Boom Die Antwoord
7%
Goodbye, Supersonic Speed, Love Suicide Die Happy
5%
Stop the Clocks, Wake the Dogs, Calling Donots
5%
Pull Me Under, Another Day, Panic Attack Dream Theater
5%
Atoma, Misery's Crown, Forward Momentum Dark Tranquillity
1%
Trümmer, MISS YOU, Siamo Tutti Disarstar
1%
Keine übereinstimmenden Quizze gefunden
Verteilung der Resultate
Anzahl Personen mit jedem Resultat
Perzentil nach korrekt beantworteten Fragen
Ihre Resultats-Entwicklung
Sie haben dieses Quiz noch nicht gespielt